|
|
|
|
| LEADER |
01262nam a22002777a 4500 |
| 001 |
37721 |
| 003 |
BD-DhAAL |
| 005 |
20220215133707.0 |
| 008 |
220215t1960 nyuab||| |||| 001 0 eng d |
| 999 |
|
|
|c 43513
|d 43513
|
| 040 |
|
|
|a BD-DhAAL
|
| 082 |
|
|
|a 934
|2 23
|
| 100 |
|
|
|a John Marshall, Sir
|d 1876-1958.
|9 45807
|
| 245 |
|
|
|a A guide to Taxila /
|c Sir John Marshall
|
| 250 |
|
|
|a Fourth edition.
|
| 260 |
|
|
|a Cambridge :
|b University Press,
|c 1960
|
| 300 |
|
|
|a x, 195 pages, 1 unnumbered pages, 22 pages of plates :
|b illustrations (black and white), 8 folded maps (black and white) ;
|c 23 cm.
|
| 500 |
|
|
|a "Originally published by Cambridge : Cambridge University Press for the Department of Archaeology in Pakistan, 1960"
|
| 504 |
|
|
|a Includes bibliographical references and index.
|
| 541 |
|
|
|a Complimentary copy from BIED
|e 37721
|
| 650 |
|
|
|a Taxila (Extinct city)
|x Guidebooks.
|9 45808
|
| 650 |
|
|
|a Antiquities
|9 45809
|
| 651 |
|
|
|a Pakistan
|z Taxila (Extinct city)
|9 45810
|
| 852 |
|
|
|a Ayesha Abed Library
|c BIED Collection
|
| 942 |
|
|
|2 ddc
|c BK
|
| 952 |
|
|
|0 0
|1 0
|2 ddc
|4 0
|6 934_000000000000000_JOH
|7 0
|9 69806
|a BRACUL
|b BRACUL
|c GEN
|d 2022-02-15
|e Complimentary copy from BIED
|l 0
|o 934 JOH
|p 3010037721
|r 2022-02-15
|t 1
|w 2022-02-15
|y BK
|x Transferred from BIED to General Stacks
|